Surnom des équipes nationales africaines de football - Statistiques

Statistiques générales
  • Ce quiz a été pris 172 fois
  • Le résultat moyen est 9 sur 54
Statistiques - réponses
Pays Réponse % Correct
Côte d'Ivoire Elephants
76%
Algérie Fennecs
72%
Afrique du Sud Bafana Bafana
63%
Cameroun Lions indomptables
62%
Mali Aigles
61%
Maroc Lions de l'Atlas
59%
Egypte Pharaons
53%
Sénégal Lions de la Teranga
52%
Tunisie Aigles de Carthage
46%
Ghana Black Stars
44%
Nigeria Super Eagles
36%
République Démocratique du Congo Léopards
31%
Gabon Panthères
28%
Bénin Ecureuils
22%
Togo Eperviers
21%
Capt-Vert Requins bleus
17%
Burkina Faso Etalons
16%
Botswana Zèbres
15%
Lesotho Crocodiles
10%
Soudan Faucons du désert
8%
Gambie Scorpions
8%
République du Congo Diables rouges
7%
Ouganda Grues
7%
Zambie Chipolopolo
6%
Angola Antilopes noires
5%
Comores Coelacanthes
5%
Mauritanie Mourabitounes
5%
Madagascar Bareas
3%
Namibie Brave Warriors
3%
Lybie Chevaliers de la Méditerranée
3%
Burundi Hirondelles
3%
Guinée-Bissau Lycaons
3%
Mozambique Mambas
3%
Guinée Sily national
3%
Zimbabwe Warriors
3%
Maurice Dodos
2%
Djibouti Requins de la Mer Rouge
2%
Ethiopie Antilopes Walya
1%
Swaziland Bouclier du Roi
1%
Kenya Etoiles de l'Harambee
1%
République Centrafricaine Fauves du Bas-Oubangui
1%
Malawi Flammes
1%
Erythrée Gars de la Mer Rouge
1%
Rwanda Guêpes
1%
Sierra Leone Leone Stars
1%
Liberia Lone Stars
1%
Somalie Ocean Stars
1%
Seychelles Pirates
1%
Tanzanie Taifa Stars
1%
Sao-Tomé-et-Principe Vert et jaune
1%
Soudan du Sud Bright Stars
0%
Guinée Equatoriale Eclair national
0%
Niger Menas
0%
Tchad Sao
0%
Aucun quiz correspondant
Distribution des résultats
% des personnes avec chaque résultat
Percentile par nombre de réponses
Votre historique - résultats
Vous n’avez pas pris ce quiz